00786nam a2200229 a 4500001001300000003000900013005001700022008004100039020001000080082001700090245007700107260004000184300000900224500003500233505007700268650002400345710003900369902000800408942000700416952011800423999001500541nice12345678IN_TiNIC20260116012415.0050524s1963 mada grp 000 0 eng  ac10000a291.172bNAT aFrom Dialogue to Deedsb Record of an All-India Christian Lit.Conference aMadrasbFenn Thompson and Co.c1963 a212p aincludes index and biblioraphy2 aAs Amended By Amendment Act, 1985 With Explanatory Notes, Rules & Forms. aInterfaith Dialogue2 aNational Christian Council ofIndia bSRS cBK 001040708StackRoom-aHMIbHMId2007-07-17g100.00l0o291.172 NATp012216r2007-07-17v100.00w2005-05-24yBK c6898d6898